000 00879nam a2200253Ia 4500
003 OSt
005 20220927115117.0
006 a|||||r|||| 00| 0
007 ta
008 220926b |||||||| |||| 00| 0 eng d
024 _a195146
037 _cThesis and Dissertations
040 _aRTL
_cRTL
_beng
041 _2eng
_aeng
082 _a"Y73.275C, Q0/Th"
100 _aSARKAR Swatahsiddha
_9391197
245 0 _aEthnicity and identity
_b A study of Gorkhaland Movement in Darjeeling Hills.
260 _a"Delhi,"
_b"University of Delhi, "
_c2010
300 _a285p Bibliography: P 262-85
_ccm.
490 _a"University of Delhi, Sociology (Deptt. of-), Thesis. Thesis,University of Delhi, Sociology (Deptt. of-"
500 _aAppendix: A- H
942 _h"Y73.275C, Q0/Th"
_cCC
999 _c706251
_d706251